UM Logo

Services marketing: (Record no. 10450)

MARC details
000 -LEADER
fixed length control field 00658nam a22001937a 4500
008 - FIXED-LENGTH DATA ELEMENTS--GENERAL INFORMATION
fixed length control field 180829b ||||| |||| 00| 0 eng d
020 ## - INTERNATIONAL STANDARD BOOK NUMBER
International Standard Book Number 9781260083521
082 ## - DEWEY DECIMAL CLASSIFICATION NUMBER
Edition number 2018
Classification number DC 658.812
Item number Z372
100 ## - MAIN ENTRY--PERSONAL NAME
9 (RLIN) 30670
Personal name Zeithaml, Valarie A.
245 ## - TITLE STATEMENT
Title Services marketing:
Remainder of title integrating customer focus across the firm/
Statement of responsibility, etc. Valarie A. Zeithaml [and 2 others]
250 ## - EDITION STATEMENT
Edition statement 7th edition
260 ## - PUBLICATION, DISTRIBUTION, ETC. (IMPRINT)
Place of publication, distribution, etc. New York:
Name of publisher, distributor, etc. Mc Graw-Hill Education,
Date of publication, distribution, etc. c2018.
300 ## - PHYSICAL DESCRIPTION
Extent iv, 514 pages:
Other physical details illustrations;
Dimensions 26 cm.
500 ## - GENERAL NOTE
General note Include index.
650 #0 - SUBJECT ADDED ENTRY--TOPICAL TERM
9 (RLIN) 30671
Topical term or geographic name as entry element Services marketing
700 ## - ADDED ENTRY--PERSONAL NAME
9 (RLIN) 30672
Personal name Bitner, Mary Jo
700 ## - ADDED ENTRY--PERSONAL NAME
9 (RLIN) 30673
Personal name Gremler, Dwayne D.
942 ## - ADDED ENTRY ELEMENTS (KOHA)
Source of classification or shelving scheme Dewey Decimal Classification
Koha item type Circulation
Holdings
Withdrawn status Lost status Source of classification or shelving scheme Damaged status Not for loan Collection code Home library Current library Date acquired Source of acquisition Total Checkouts Full call number Barcode Date last seen Cost, replacement price Price effective from Koha item type
    Dewey Decimal Classification     Circulation UM Digos College - LIC UM Digos College - LIC 08/16/2018 Purchased   DC 658.812 Z372 2018 25034 05/15/2025 4045.00 08/29/2018 Circulation